000 00242nam a2200097Ia 4500
001 1040474
005 20250826232023.0
008 250824s9999 xx 000 0 und d
245 0 _aKIYAMET MEVSİMLERİ
_cALİ EMRE
260 _bKETEBE YAYINLARI
999 _c1040474
_d1040474